000 00851nam a2200289 4500
001 1004701
005 20150515164143.0
007 000
008 000
010 _a 87011645
020 _a0631138153 :
_c$45.00 (U.S.)
020 _a0631156747 (pbk.) :
_c$17.95 (U.S.)
040 _aUOEL
_cDLC
_dDLC
050 0 0 _aTD883
_b.E46 1987
082 0 0 _a363.7/392
_219
100 1 _aElsom, Derek M.
245 1 0 _aAtmospheric pollution :
_bcauses, effects, and control policies /
_cDerek Elsom.
260 _aOxford, UK ;
_aNew York, NY, USA :
_bB. Blackwell,
_cc1987.
300 _ax, 319 p. :
_bill. ;
_c24 cm.
500 _aIncludes index.
504 _aBibliography: p. [285]-311.
650 0 _aAir
_xPollution.
650 0 _aPollutants.
650 0 _aEnvironmental policy.
906 _a7
_bcbc
_corignew
_d1
_eocip
_f19
_gy-gencatlg
942 _2lcc
_cLL
999 _c7715
_d7715